Regionálne rozdiely produktivity práce v poľnohospodárstve

Posledné desaťročie v poľnohospodárstve SR sa vyznačuje neustálym rastom produktivity práce, čo je neobvyklé oproti ostatným odvetviam národného hospodárstva. Produktivita práce sa v poľnohospodárstve stala jedným z rozhodujúcich činiteľov, ktoré pomohli subjektom k zachovaniu existencie a v ich prí...

Descrizione completa

Salvato in:
Dettagli Bibliografici
Autore principale: Storoška, Michal
Natura: Capitolo di libro
Lingua:slovacco
Soggetti:
Tags: Aggiungi Tag
Nessun Tag, puoi essere il primo ad aggiungerne!!

MARC

LEADER 00000naa$a2200000$$$4500
001 0063232
005 20231018091658.1
041 0 |a slo 
044 |a SK 
245 1 0 |a Regionálne rozdiely produktivity práce v poľnohospodárstve  |c Michal Storoška 
520 |a Posledné desaťročie v poľnohospodárstve SR sa vyznačuje neustálym rastom produktivity práce, čo je neobvyklé oproti ostatným odvetviam národného hospodárstva. Produktivita práce sa v poľnohospodárstve stala jedným z rozhodujúcich činiteľov, ktoré pomohli subjektom k zachovaniu existencie a v ich príprave na vstup do EÚ. Vývoj v oblasti produktivity práce a jej jednotlivých prvkov na príklade porovnania troch poľnohospodárskych regiónov. Časový rozsah skúmaných údajov poukazuje aj na rozdiely prístupov v tejto oblasti pred a po vstupe do EÚ. 
610 2 0 |a produktivita práce 
610 2 0 |a regióny 
610 2 0 |a disparita 
610 2 0 |a poľnohospodárstvo 
610 2 0 |a Slovensko 
610 2 0 |a počet pracovníkov 
610 2 0 |a hodnota pridaná 
610 2 0 |a výnosy 
610 2 0 |a tržby 
610 2 0 |a dotácie 
100 1 |a Storoška, Michal